Color Snap Quiz Stats

Quiz Updated Mar 16, 2013

Challenge
Share
Tweet
Embed
Score 0/90 Timer 06:00
2 Plays Today
# Colors % Correct
A5A5 D11
95.6%
D11D11 A5
95.6%
A8A8 E2
95.5%
E2E2 A8
95.5%
A2A2 B3
94.1%
B3B3 A2
94.1%
A10A10 F12
92.9%
F12F12 A10
92.9%
A1A1 F14
92.3%
F14F 14 A1
92.2%
A3A3 A7
91.7%
A7A7 A3
91.7%
B5B5 F15
91.1%
F15F15 B5
91.1%
A11A11 D4
91%
D4D4 A11
91%
B2B2 C11
90.2%
C11C11 B2
90.2%
B6B6 F5
89.7%
F5F5 B6
89.7%
C5C5 F10
89.3%
F10F10 C5
89.3%
A12A12 C13
89.2%
C13C13 A12
89.2%
A6A6 E13
89.1%
E13E13 A6
89.1%
A14A14 F3
88.7%
F3F3 A14
88.7%
B14B14 C1
88.5%
C1C1 B14
88.5%
# Colors % Correct
A15A15 D14
88.4%
D14D14 A15
88.4%
C2C2 C3
88.1%
C3C3 C2
88.1%
A4A4 F6
86.4%
F6F6 A4
86.4%
C4C4 D9
86%
D9D9 C4
86%
B10B10 D12
85.4%
D12D12 B10
85.4%
C12C12 C14
84.5%
C14C14 C12
84.5%
A13A13 E11
84.4%
E11E11 A13
84.4%
D7D7 E7
83.5%
E7E7 D7
83.5%
B8B8 B1
82.7%
B1B1 B8
82.7%
D15D15 F2
82.4%
F2F2 D15
82.4%
B11B11 C15
82.1%
C15C15 B11
82.1%
B13B13 E15
80.6%
E15E 15 B13
80.6%
B4B4 E8
79.9%
E8E8 B4
79.9%
B15B15 D10
79.7%
D10D10 B15
79.7%
B9B9 D1
78.9%
D1D1 B9
78.9%
# Colors % Correct
C10C10 E9
78.7%
E9E9 C10
78.7%
A9A9 E10
77.3%
E10E10 A9
77.3%
B12B12 E14
76.9%
E14E14 B12
76.9%
C8C8 D8
75.9%
D8D8 C8
75.9%
D13D13 F1
74.8%
F1F1 D13
74.8%
E3E3 E5
74%
E5E5 E3
74%
D6D6 E1
71.8%
E1E1 D6
71.8%
C6C6 D5
70.7%
D5D5 C6
70.7%
D2D2 E6
70.2%
E6E6 D2
70.2%
E4E4 F13
70.1%
F13F13 E4
70.1%
F4F4 C7
69%
C7C7 F4
69%
F8F8 E12
67.2%
E12E12 F8
67.2%
C9C9 F7
66.7%
F7F7 C9
66.7%
B7B7 F11
66.1%
F11F11 B7
66.1%
F9F9 D3
59.9%
D3D3 F9
59.9%

You're not logged in!

Compare scores with friends on all Sporcle quizzes.
Join for Free
OR
Log In

You Might Also Like...

Show Comments

Extras

Top Quizzes Today


Score Distribution

Your Account Isn't Verified!

In order to create a playlist on Sporcle, you need to verify the email address you used during registration. Go to your Sporcle Settings to finish the process.

Report this User

Report this user for behavior that violates our Community Guidelines.

Details: